000
00284nam a22001217a 4500
020
_a
NA
082
_2
22
_a
005
100
_a
Herrmam eric,
245
_a
CGI programming perl 5 in a week /
260
_a
Samsl not,
_b
Samsl not,
_c
c1996
300
_a
513 p , ;
_b
NA
_c
24cm.
942
_2
ddc
_c
IT
999
_c
3204
_d
3204